000 00452nam a2200205Ia 4500
001 12597
003 GE_BSU
008 181216s||||||||xx |||||||||||||| ||und||
020 _a9780751501100
040 _cGE_BSU
080 _a821.111-312.4
100 _aCornwell,Patricia.
245 _aAll That Remains.
260 _aLondon.
260 _bWarner Books.
260 _c1992
300 _a438p;18cm.
653 _aAll That Remains.
942 _cBK
999 _c45770
_d45770